| 000 | 00528nam a2200181 i 4500 | ||
|---|---|---|---|
| 001 | 75064 | ||
| 003 | ES-MaACL | ||
| 005 | 20230906172329.0 | ||
| 007 | t| | ||
| 008 | 040922s1969 sp ||||1| spa d | ||
| 100 | 1 |
_aGorresio, Vittorio. _959222 |
|
| 245 | 1 | 3 |
_aLa nueva misión / _cVittorio Gorresio ; [traducción de Domingo Pruna]. |
| 250 | _a[1ª ed.]. | ||
| 260 |
_aBarcelona, etc. : _bPlaza & Janés, _c[1969] |
||
| 300 |
_a294 p. ; _c22 cm. |
||
| 700 | 1 |
_aPruna, Domingo. _994081 |
|
| 852 |
_aES-MaACL _jC-38264 _bR.71723 |
||
| 999 |
_c75064 _d75064 |
||